| 000 | 00955nam a2200193 a 4500 | ||
|---|---|---|---|
| 001 | 000035792 | ||
| 005 | 20200930074620.0 | ||
| 008 | 111114s1926 es 000 0 spa d | ||
| 040 |
_aDO-SdBNP _bspa _cBNPHU |
||
| 100 | 1 |
_aNeurath, Otto, _d1882-1945. _961741 |
|
| 245 | 1 | 0 |
_aHistoria de la economía / _cOtto Neurath, Heinrich Sieveking ; traducción dd la 2 edición alemana por Manuel Sánchez Sarto. |
| 260 |
_aBarcelona : _bLabor, _c1926. |
||
| 300 |
_av. ; _c20 cm. _bil., maps. ; _c18 cm. |
||
| 590 | _aPerteneció a la biblioteca personal de Juan Isidro Jimenes Grullón. | ||
| 500 | _aLa biblioteca posee el v. 1 | ||
| 505 | 0 |
_gv. 1. _tLibro I: Historia de la economía en la antiguedad / _rpor O. Neurath -- _tLibro II: Desde fines de la antigüedad hasta principios del siglo XIX / _rpor H. Sieveking -- _gv. 2. _tDesde el siglo XVII hasta la actualidad / _rpor Heinrich Sieveking. |
|
| 700 | 1 | 2 |
_aSieveking, Heinrich, _d1871-1946. _961742 |
| 049 | _aBNPD | ||
| 999 |
_c35283 _d35283 |
||